| 000 | 03516cam a2200601 4500 | ||
|---|---|---|---|
| 001 | L135668 | ||
| 002 | 10155 | ||
| 008 | 061123n2006 000 0 eng u | ||
| 020 |
_a075068111X _a9780750681117 |
||
| 035 | _a(Sirsi) u135668 | ||
| 041 | 0 | _aeng | |
| 050 | 0 | 4 | _a690.22 $2 18 |
| 100 | 1 | _aHughes, Phil | |
| 245 | 0 | 0 | _aIntroduction to health and safety in construction |
| 250 | _a2nd ed. | ||
| 260 |
_aOxford _bButterworth Heinemann _c2006 |
||
| 300 |
_axxvii, 501p. _c30cm. |
||
| 350 | _a39.99 | ||
| 505 | 1 | _aHealth and safety foundations -- Policy -- Organizing for health and safety -- Promoting a positive health and safety culture -- Risk assessment -- principles of control -- General site issues-hazards and control -- working at height-hazards and control -- Excavation work and confined spaces-hazards and control -- Demolition-hazards and control -- Movement of people and vehicles-hazards and control -- Work equipment-hazards and control -- Manual and mechanical handling hazards and control -- Electrical hazards and control -- Fire hazards and control -- Chemical and biological health hazards and control -- Physical and psychological health hazards and control -- incident investigation, recording and reporting -- Monitoring review and audit -- Summary of the main legal requirements -- Study skills | |
| 520 | _aDiscusses the challenges faced by the construction industry and the challenges of occupational health and safety in general. Specifically design for those entering study again with accompanying checklists, report forms and record sheets. | ||
| 590 | _aKA | ||
| 650 | 2 | 4 | _aHEALTH AND SAFETY AT WORK ETC ACT 1974 |
| 650 | 2 | 4 | _aENVIRONMENTAL PROTECTION ACT 1990 |
| 650 | 2 | 4 | _aNEW ROADS AND STREET WORKS ACT 1991 |
| 650 | 2 | 4 | _aCONTROL OF ASBESTOS AT WORK REGULATIONS 2002 |
| 650 | 2 | 4 | _aDRAFT CONTROL OF ASBESTOS AT WORK REGULATIONS 2006 |
| 650 | 2 | 4 | _aDRAFT CONSTRUCTION (DESIGN AND MANAGEMENT) REGULATIONS 2006 |
| 650 | 2 | 4 | _aCONFINED SPACES REGULATIONS 1997 |
| 650 | 2 | 4 | _aCONSTRUCTION (HEAD PROTECTION) REGULATIONS 1989 |
| 650 | 2 | 4 | _aCONSTRUCTION (HEALTH, SAFETY AND WELFARE) REGULATIONS 1996 |
| 650 | 2 | 4 | _aHEALTH AND SAFETY (CONSULTATION WITH EMPLOYERS) REGULATIONS 1996 |
| 650 | 2 | 4 | _aCONTROL OF SUBSTANCES HAZARDOUS TO HEALTH REGULATIONS 2002 |
| 650 | 2 | 4 | _aDANGEROUS SUBSTANCES AND EXPLOSIVE ATMOSPHERES REGULATIONS 2002 |
| 650 | 2 | 4 | _aHEALTH AND SAFETY (DISPLAY SCREEN EQUIPMENT) REGULATIONS 1992 |
| 650 | 2 | 4 | _aELECTRICITY AT WORK REGULATIONS 1989 |
| 650 | 2 | 4 | _aEMPLOYERS LIABILITY (COMPULSORY INSURANCE) ACT 1969 |
| 650 | 2 | 4 | _aREGULATORY REFORM (FIRE SAFETY) ORDER 2005 |
| 650 | 2 | 4 | _aHEALTH AND SAFETY (FIRST AID) REGULATIONS 1981 |
| 650 | 2 | 4 | _aHEALTH AND SAFETY (INFORMATION FOR EMPLOYEES) REGULATIONS 1989 |
| 650 | 2 | 4 | _aIONISING RADIATION REGULATIONS 1999 |
| 650 | 2 | 4 | _aCONTROL OF LEAD AT WORK REGULATIONS 2002 |
| 650 | 2 | 4 | _aLIFTING OPERATIONS AND LIFTING EQUIPMENT REGULATIONS 1998 |
| 650 | 2 | 4 | _aMANAGEMENT OF HEALTH AND SAFETY AT WORK REGULATIONS 1999 |
| 650 | 2 | 4 | _aMANUAL HANDLING OPERATIONS REGULATIONS 1992 |
| 650 | 2 | 4 | _aCONTROL OF NOISE AT WORK REGULATIONS 2005 |
| 650 | 2 | 4 | _aPERSONAL PROTECTIVE EQUIPMENT AT WORK REGULATIONS 1992 |
| 650 | 2 | 4 | _aSAFETY REPRESENTATIVES AND SAFETY COMMITTEES REGULATIONS 1977 |
| 651 | 4 |
_aUnited Kingdom _y |
|
| 690 |
_aHealth and safety _96244 |
||
| 690 | _aBUILT ENVIRONMENT-CONSTRUCTION MANAGEMENT-CONSTRUCTION DESIGN AND MANAGEMENT | ||
| 700 | 1 | _aFerrett, Ed | |
| 942 | _n0 | ||
| 999 |
_c106137 _d106137 |
||